[Event "Pardubice Region-chT 2223"]
[Site "Czech Republic"]
[Date "2023.03.19"]
[Round "10.4"]
[White "Sukdolak, Radek"]
[Black "Kraus, Ondrej"]
[Result "1/2-1/2"]
[WhiteElo "1968"]
[BlackElo "1989"]
[PlyCount "86"]
[EventDate "2022.10.09"]
[EventType "team-tourn"]
[EventRounds "11"]
[EventCountry "CZE"]
[SourceTitle "EXT 2024"]
[Source "ChessBase"]
[SourceDate "2023.10.10"]
[SourceVersion "1"]
[SourceVersionDate "2023.10.10"]
[SourceQuality "1"]

1. d4 Nf6 2. c4 e6 3. Bg5 c5 4. d5 h6 5. Bf4 exd5 6. cxd5 Qb6 7. Be5 d6 8. Bxf6 gxf6 9. Qd2 Bg7 10. Nc3 f5 11. e3 Nd7 12. Bb5 0-0 13. Rb1 Nf6 14. Bd3 Re8 15. Nge2 Re5 16. Nf4 Bd7 17. 0-0 Qa5 18. Rfd1 a6 19. a3 b5 20. b4 Qb6 21. Be2 c4 22. Bf3 a5 23. Nce2 axb4 24. Qxb4 Qc5 25. Nd4 Ne4 26. Bxe4 Qxb4 27. Rxb4 Rxe4 28. Nxb5 Bxb5 29. Rxb5 c3 30. Rb3 Rea4 31. Kf1 Rxa3 32. Rxa3 Rxa3 33. Rc1 Rb3 34. Ne2 Kf8 35. Ke1 Ke7 36. Ng3 Kf6 37. Nh5+ Kg6 38. Nxg7 Kxg7 39. Rc2 Kf6 40. Ke2 Ke5 41. Kd3 Kxd5 42. Rxc3 Rb2 43. Rc2 Rb4 1/2-1/2

[Event "Pardubice Region-chT 2223"]
[Site "Czech Republic"]
[Date "2023.02.12"]
[Round "8.4"]
[White "Sukdolak, Radek"]
[Black "Vaclavik, Patrik"]
[Result "1/2-1/2"]
[WhiteElo "1968"]
[BlackElo "1830"]
[PlyCount "116"]
[EventDate "2022.10.09"]
[EventType "team-tourn"]
[EventRounds "11"]
[EventCountry "CZE"]
[SourceTitle "EXT 2024"]
[Source "ChessBase"]
[SourceDate "2023.10.10"]
[SourceVersion "1"]
[SourceVersionDate "2023.10.10"]
[SourceQuality "1"]

1. d4 f5 2. c4 Nf6 3. Nc3 g6 4. h3 d6 5. Bf4 Bg7 6. Nf3 e6 7. e3 Qe7 8. Be2 0-0 9. 0-0 Nc6 10. a3 h6 11. Bh2 Kh8 12. b4 g5 13. Qc2 a5 14. b5 Nd8 15. Rab1 b6 16. Na4 Bb7 17. c5 Be4 18. cxd6 cxd6 19. Bd3 Bxf3 20. gxf3 Nd5 21. Bc4 Rc8 22. Qa2 Rxc4 23. Qxc4 g4 24. fxg4 Qh4 25. Qe2 Qxh3 26. f3 fxg4 27. fxg4 Rxf1+ 28. Rxf1 Nxe3 29. Rf4 Nd5 30. Re4 Qxa3 31. Qc2 Qa1+ 32. Kg2 Bxd4 33. Bxd6 Qg1+ 34. Kh3 Qf1+ 35. Kh2 Qg1+ 36. Kh3 Nf6 37. Rf4 Qe3+ 38. Kg2 Qg1+ 39. Kh3 Nf7 40. Rxf6 Bxf6 41. Bf4 Qf1+ 42. Kg3 Qe1+ 43. Kg2 e5 44. Bg3 Qb4 45. Qg6 Qd2+ 46. Bf2 Qd5+ 47. Kf1 Qd1+ 48. Kg2 Qd5+ 49. Kf1 Bg5 50. Nxb6 Qd1+ 51. Kg2 Qxg4+ 52. Kf1 Qf3 53. Qc6 e4 54. Nc4 Qd3+ 55. Kg2 e3 56. Nxe3 Bxe3 57. Qe8+ Kg7 58. Bxe3 Qe2+ 1/2-1/2

[Event "Pardubice Region-chT 2223"]
[Site "Czech Republic"]
[Date "2022.11.13"]
[Round "3.4"]
[White "Petrik, Peter"]
[Black "Sukdolak, Radek"]
[Result "1/2-1/2"]
[WhiteElo "1793"]
[BlackElo "1968"]
[PlyCount "95"]
[EventDate "2022.10.09"]
[EventType "team-tourn"]
[EventRounds "11"]
[EventCountry "CZE"]
[SourceTitle "EXT 2024"]
[Source "ChessBase"]
[SourceDate "2023.10.10"]
[SourceVersion "1"]
[SourceVersionDate "2023.10.10"]
[SourceQuality "1"]

1. e4 c5 2. Nf3 Nc6 3. d4 cxd4 4. Nxd4 a6 5. Nc3 e6 6. Nb3 Nf6 7. Bd3 h6 8. a3 b5 9. 0-0 Bb7 10. Kh1 d5 11. exd5 Nxd5 12. Nxd5 Qxd5 13. f3 Rd8 14. Bf4 g5 15. Bg3 Bg7 16. Rb1 f5 17. Qe2 Kf7 18. a4 Nb4 19. Be4 Qd7 20. Nc5 Qd2 21. Qxd2 Rxd2 22. Bxb7 Rxc2 23. Nxa6 Nxa6 24. Bxa6 bxa4 25. Rf2 Rc6 26. Bb5 Rb6 27. Bxa4 f4 28. b3 fxg3 29. hxg3 Bd4 30. Rc2 Be5 31. f4 gxf4 32. gxf4 Bd4 33. g3 Rg8 34. Kg2 e5 35. f5 Kf6 36. Bd7 Rgb8 37. Be6 Be3 38. Kf3 Bg5 39. Rc7 R8b7 40. Rxb7 Rxb7 41. b4 Rb5 42. Ke2 e4 43. Bd7 Rd5 44. Rd1 Rxd1 45. Kxd1 Ke5 46. b5 Bd8 47. Ke2 h5 48. Be8 1/2-1/2

[Event "CZE-chT2D 1819"]
[Site "Czech Republic"]
[Date "2018.12.02"]
[Round "4.8"]
[White "Sukdolak, Radek"]
[Black "Kosut, Tomas"]
[Result "1-0"]
[WhiteElo "1945"]
[BlackElo "1867"]
[PlyCount "83"]
[EventDate "2018.10.14"]
[EventType "team-tourn"]
[EventRounds "11"]
[EventCountry "CZE"]
[SourceTitle "EXT 2022"]
[Source "ChessBase"]
[SourceDate "2021.10.06"]
[SourceVersion "1"]
[SourceVersionDate "2021.10.06"]
[SourceQuality "1"]
[WhiteTeam "Chotebor"]
[BlackTeam "Dalesice Pivovar"]
[WhiteTeamCountry "CZE"]
[BlackTeamCountry "CZE"]

1. d4 Nf6 2. Nf3 b6 3. c4 e6 4. Nc3 Bb4 5. Qc2 Bb7 6. a3 Be4 7. Qd2 Bxc3 8. Qxc3 h6 9. b4 0-0 10. e3 c6 11. Be2 d5 12. c5 b5 13. a4 bxa4 14. Rxa4 Qc7 15. h3 Nbd7 16. 0-0 Bxf3 17. Bxf3 Ne4 18. Qa3 f5 19. Be2 Ndf6 20. b5 cxb5 21. Bxb5 g5 22. f3 Ng3 23. Rf2 g4 24. Ra6 Rf7 25. Rxe6 gxh3 26. gxh3 Rg7 27. Rg2 Kf7 28. Qa6 Rg6 29. Rc6 Qe7 30. Rc8 Nfh5 31. Qxg6+ Kxg6 32. Rxa8 Qb7 33. Be8+ Kf6 34. Bxh5 Nxh5 35. Rh8 Qb1 36. Rxh6+ Kf7 37. Rxh5 Qxc1+ 38. Kh2 Ke6 39. Rh7 Kf6 40. Rhg7 f4 41. e4 dxe4 42. fxe4 1-0

[Event "Brno Trade op-A 37th"]
[Site "Brno"]
[Date "2012.08.30"]
[Round "6"]
[White "Sarson, Ondrej"]
[Black "Sukdolak, Radek"]
[Result "1/2-1/2"]
[WhiteElo "1778"]
[BlackElo "1892"]
[PlyCount "108"]
[EventDate "2012.08.26"]
[EventType "swiss"]
[EventRounds "9"]
[EventCountry "CZE"]
[SourceTitle "CBM 150 Extra"]
[Source "ChessBase"]
[SourceDate "2012.10.19"]
[SourceVersion "1"]
[SourceVersionDate "2012.10.19"]
[SourceQuality "1"]

1. e4 c5 2. c3 d5 3. exd5 Qxd5 4. d4 e6 5. Nf3 Nf6 6. Be2 Be7 7. 0-0 0-0 8. Bf4 Nc6 9. dxc5 Bxc5 10. Qxd5 Nxd5 11. Bg3 f6 12. Nbd2 e5 13. Nb3 Bb6 14. Bc4 Be6 15. Rad1 Rad8 16. Rd2 Nc7 17. Bxe6+ Nxe6 18. Rfd1 Rxd2 19. Rxd2 Rd8 20. Rxd8+ Nexd8 21. Kf1 Kf7 22. Ke2 Ne7 23. Nfd2 Nf5 24. Nc4 Bc7 25. Nc5 h5 26. f3 Nxg3+ 27. hxg3 f5 28. Ne3 Bb6 29. Nd3 Bxe3 30. Kxe3 Kf6 31. c4 g5 32. a3 Nc6 33. b4 b6 34. a4 Ke6 35. b5 Na5 36. c5 Nb3 37. c6 Na5 38. Nb2 Nb3 39. Nd3 Na5 40. Nb2 h4 41. g4 f4+ 42. Ke2 Kd6 43. Kf2 Ke6 44. Kf1 Nb3 45. Nd3 e4 46. fxe4 Nd2+ 47. Kg1 Nxe4 48. Nf2 Nd6 49. Nh3 Nf7 50. Kf1 Kd6 51. Ke2 a6 52. Kf1 axb5 53. axb5 Ne5 54. Nxg5 Nxg4 1/2-1/2

[Event "Brno Trade op-A 37th"]
[Site "Brno"]
[Date "2012.08.26"]
[Round "2"]
[White "Meszaros, Ludek"]
[Black "Sukdolak, Radek"]
[Result "1-0"]
[WhiteElo "2153"]
[BlackElo "1892"]
[PlyCount "77"]
[EventDate "2012.08.26"]
[EventType "swiss"]
[EventRounds "9"]
[EventCountry "CZE"]
[SourceTitle "CBM 150 Extra"]
[Source "ChessBase"]
[SourceDate "2012.10.19"]
[SourceVersion "1"]
[SourceVersionDate "2012.10.19"]
[SourceQuality "1"]

1. e4 e5 2. Nf3 Nc6 3. Bb5 a6 4. Ba4 Bc5 5. d3 d6 6. Be3 Ba7 7. Bxc6+ bxc6 8. Nbd2 h6 9. Bxa7 Rxa7 10. d4 exd4 11. Nxd4 Bd7 12. 0-0 Qf6 13. c3 Ne7 14. f4 0-0 15. Qf3 Rb8 16. b3 c5 17. Nc2 a5 18. Qg3 Qg6 19. Qh4 Kf8 20. f5 Qg5 21. Qf2 Nc6 22. Rae1 Ne5 23. Nf3 Qe7 24. Nxe5 Qxe5 25. Re3 a4 26. f6 g6 27. b4 a3 28. Rd1 Be6 29. Ne1 cxb4 30. cxb4 Ra4 31. Nd3 Qd4 32. Rd2 Qa1+ 33. Re1 Qc3 34. Rc1 Qxc1+ 35. Nxc1 Raxb4 36. Qe3 Rb2 37. Qxh6+ Ke8 38. Nd3 Rxa2 39. Qh8+ 1-0